000 00751nam a2200229 i 4500
003 DO-SdBNP
005 20230614155656.0
007 ta
008 230614b2023 dr ||||| |||| 00| 0 spa d
020 _a9789945183306
040 _aDO-SdBNP
_bspa
_cBNPHU
_erda
082 4 _222
100 _aLeón Manzueta, Livio de,
_eautor
_983547
245 1 3 _aEl ramo de olivo :
_bpoemas /
_cLivio de León Manzueta ; prólogo, Jorge Alberto de León Amparo
264 1 _aSanto Domingo :
_bPérez Gimo, SRL,
_c2023.
300 _a78 páginas ;
_c23 cm.
500 _aIncluye datos biográficos del autor en las solapas
590 _aInventariado, 2023/BT
700 1 _aLeón Amparo, Jorge Alberto de,
_eprólogo
_983548
910 _aBtavárez
942 _2ddc
_cLBS1
999 _c53832
_d53832